00222nam a2200085Ia 4500001000800000005001700008008004100025245004900066260002100115119827520250827021842.0250824s9999 xx 000 0 und d 0aŞEFTALİ KOKULU GÜNLERcJOANNE HARRİS bALTIN KİTAPLAR